000 00591nam a2200229Ia 4500
003 OSt
005 20220924144243.0
006 a|||||r|||| 00| 0
007 ta
008 220923b |||||||| |||| 00| 0 urd d
024 _a313088
037 _cTextual
040 _aARTS
_cARTS
_burd
041 _2urd
_aurd
082 _aO168,1M3M,1, D4
100 _aMazaq Sheikh Ahmad Husain
_9217317
245 0 _aJazbat-i-Mazaq
260 _c1904
650 _aURDU POETRY
942 _hO168,1M3M,1, D4
_cTEXL
_2CC
999 _c456538
_d456538